Online
Catalog

Panoramas de la geografía universal / (Record no. 24800)

MARC details
000 -CABECERA
campo de control de longitud fija 00776nam a2200253 a 4500
001 - NÚMERO DE CONTROL
campo de control 000025307
005 - FECHA Y HORA DE LA ÚLTIMA TRANSACCIÓN
campo de control 20200930023710.0
008 - DATOS DE LONGITUD FIJA--INFORMACIÓN GENERAL
campo de control de longitud fija 110214s1968 sp r 000 0 spa d
020 ## - NÚMERO INTERNACIONAL ESTÁNDAR DEL LIBRO
Número Internacional Estándar del Libro 9686011889
040 ## - FUENTE DE LA CATALOGACIÓN
Centro catalogador/agencia de origen DO-SdBNP
Lengua de catalogación spa
Centro/agencia transcriptor BNPHU
041 17 - CÓDIGO DE LENGUA
Código de lengua del texto/banda sonora o título independiente spa
Código de lengua original fre
Fuente del código Código de idiomas MARC
082 ## - NÚMERO DE LA CLASIFICACIÓN DECIMAL DEWEY
Número de clasificación nn*
Número de documento/Ítem nn*
049 ## - FONDOS LOCALES (OCLC)
Fondos de biblioteca BNGR
100 1# - ENTRADA PRINCIPAL--NOMBRE DE PERSONA
Nombre de persona Birot, Pierre.
9 (RLIN) 51836
240 13 - TÍTULO UNIFORME
Título uniforme Le Portugal.
Lenguaje de la obra Español
245 10 - MENCIÓN DE TÍTULO
Título Panoramas de la geografía universal /
Mención de responsabilidad, etc. Pierre Birot.
260 ## - PUBLICACIÓN, DISTRIBUCIÓN, ETC.
Lugar de publicación, distribución, etc. Bilbao :
Nombre del editor, distribuidor, etc. Moretón,
Fecha de publicación, distribución, etc. 1968.
300 ## - DESCRIPCIÓN FÍSICA
Extensión 188 p. :
Otras características físicas il. ;
Dimensiones 17 cm.
490 1# - MENCIÓN DE SERIE
Mención de serie Biblioteca de Divulgación Cultural
490 1# - MENCIÓN DE SERIE
Mención de serie Portugal.
Designación de volumen o secuencia 15
534 ## - NOTA SOBRE LA VERSIÓN ORIGINAL
Encabezamiento principal del original [Tïtulo original] :
Mención de título del original Le Portugal
830 #0 - PUNTO DE ACCESO ADICIONAL DE SERIE-TÍTULO UNIFORME
Título uniforme Biblioteca de Divulgación Cultural
9 (RLIN) 51837
830 #0 - PUNTO DE ACCESO ADICIONAL DE SERIE-TÍTULO UNIFORME
Título uniforme Portugal
Designación de volumen o secuencia 15
9 (RLIN) 51838
Holdings
Estado de retiro Estado de pérdida Restricciones de uso No para préstamo Código de colección Localización permanente Ubicación/localización actual Ubicación en estantería Fecha de adquisición Número de inventario Total de préstamos Signatura topográfica completa Código de barras Fecha visto por última vez Precio válido a partir de Tipo de ítem Koha
        Monografías: Libros y Folletos General General En catalogación 14.02.2011 LF1   nn* nn* 25307-10 25.06.2020 25.06.2020 Préstamo en sala

Powered by Koha